Top 25 Trading Partners - Canada - Statistics

General Stats
  • This quiz has been taken 96 times
  • The average score is 42 of 50
Answer Stats
Hint Answer % Correct
1st Place: 337,814 United States of America
99%
1st Place: 235,117 United States of America
99%
5th Place: 6,346 Mexico
96%
3rd Place: 28,395 Mexico
96%
11th Place: 2,656 France
95%
9th Place: 5,545 France
95%
3rd Place: 12,606 United Kingdom
95%
7th Place: 7,102 United Kingdom
95%
2nd Place: 21,344 China
93%
2nd Place: 58,319 China
93%
15th Place: 1,657 Spain
93%
20th Place: 2,290 Spain
93%
8th Place: 3,629 Germany
92%
4th Place: 14,709 Germany
92%
4th Place: 10,000 Japan
92%
5th Place: 12,997 Japan
92%
9th Place: 3,314 India
90%
12th Place: 3,958 India
90%
14th Place: 1,690 Brazil
89%
10th Place: 4,246 Brazil
89%
17th Place: 1,581 Australia
88%
12th Place: 2,349 Italy
88%
8th Place: 6,946 Italy
88%
6th Place: 4,525 South Korea
88%
6th Place: 7,294 South Korea
88%
21st Place: 1,831 Sweden
87%
7th Place: 3,664 Netherlands
83%
14th Place: 3,460 Netherlands
83%
16th Place: 1,657 Indonesia
82%
10th Place: 2,913 Belgium
81%
15th Place: 3,432 Belgium
81%
13th Place: 1,849 Norway
81%
23rd Place: 1,737 Norway
81%
21st Place: 1,023 Turkey
78%
22nd Place: 1,804 Turkey
78%
23rd Place: 809 Vietnam
78%
11th Place: 4,157 Vietnam
78%
19th Place: 2,290 Ireland
77%
19th Place: 1,441 Switzerland
75%
13th Place: 3,546 Switzerland
75%
24th Place: 776 Colombia
73%
24th Place: 1,628 Poland
73%
25th Place: 759 Chile
71%
18th Place: 1,452 Saudi Arabia
70%
16th Place: 2,938 Saudi Arabia
70%
17th Place: 2,749 Thailand
69%
25th Place: 1,626 Austria
67%
22nd Place: 925 Singapore
66%
18th Place: 2,302 Malaysia
65%
20th Place: 1,121 United Arab Emirates
61%
No matching quizzes found
Score Distribution
Percent of People with Each Score
Percentile by Number Answered
Your Score History
You have not taken this quiz